000 00278nam a22001217a 4500
003 SGT
082 _a341.4
_bYAD
100 _aYADAV CHAHIT
245 _aTHE ROLE OF INTERNATIONAL CRIMINAL COURT IN ENFORCING HUMAN RIGHTS LAW
260 _c2023
300 _a86
942 _2ddc
_cTH
999 _c34053
_d34053